Зависть: роман: пер. с анг.

Chi tiết về thư mục
Tác giả chính: Браун С. Сандра
Tóm tắt:В руки Марис Мадерли — дочери владельца крупного издательства — попадает неподписанная рукопись, которая завораживает ее с первых же страниц. Марис решает разыскать автора загадочной рукописи, не подозре -вая, что ее ждет...
Исключено из фонда НТБ ТПУ
Ngôn ngữ:Tiếng Nga
Được phát hành: Москва, Эксмо, 2005
Những chủ đề:
Định dạng: Sách
KOHA link:https://koha.lib.tpu.ru/cgi-bin/koha/opac-detail.pl?biblionumber=94209

MARC

LEADER 00000nam0a2200000 4500
001 94209
005 20260407083720.0
010 |b 3000 экз.  |a 569911226X  |b (в пер.) 
035 |a (RuTPU)RU\TPU\book\100901 
090 |a 94209 
100 |a 20060407d2005 m u0rusy5002 ca 
101 1 |a rus  |c eng 
102 |a RU 
105 |a y z 000ay 
200 1 |a Зависть  |e роман: пер. с анг.  |f С. Браун 
210 |a Москва  |c Эксмо  |d 2005 
215 |a 507, [1] с.  |d 21 см. 
330 |a В руки Марис Мадерли — дочери владельца крупного издательства — попадает неподписанная рукопись, которая завораживает ее с первых же страниц. Марис решает разыскать автора загадочной рукописи, не подозре -вая, что ее ждет... 
333 |a Исключено из фонда НТБ ТПУ 
610 1 |a женщина в США 
610 1 |a США 
610 1 |a 20 век 
610 1 |a американская литература 
610 1 |a романы 
610 1 |a любовь 
675 |a 82  |v 3 
700 1 |a Браун  |b С.  |g Сандра  |4 070 
801 0 |a RU  |b RKP  |c 20050823  |g PSBO 
801 1 |a RU  |b 63413507  |c 20060407  |g PSBO 
801 2 |a RU  |b 63413507  |c 20060414  |g PSBO 
942 |c BK